| 000 | 01182cam a22003371 4500 | ||
|---|---|---|---|
| 001 | 4543058 | ||
| 003 | ARRUPE | ||
| 005 | 20131204132450.0 | ||
| 008 | 710513s1968 enka b 000 0aeng | ||
| 010 | _a 68119192 | ||
| 015 | _aB68-13009 | ||
| 040 |
_aDLC _cDLC _dDLC |
||
| 041 | 1 | _aengrus | |
| 050 | 0 | 0 |
_aDK209.6.H4 _bA33 |
| 082 | 0 | 0 |
_a947/.07/0924 _aB |
| 100 | 1 |
_aHerzen, Aleksandr, _d1812-1870. _95111 |
|
| 240 | 1 | 0 |
_aByloe i dumy. _lEnglish |
| 245 | 1 | 0 |
_aMy past and thoughts: _bthe memoirs of Alexander Herzen; _ctranslated [from the Russian] by Constance Garnett. |
| 250 |
_a[Revised ed.]; _brevised by Humphrey Higgens; with an introduction by Isaiah Berlin. |
||
| 260 |
_aLondon, _bChatto & Windus, _c1968. |
||
| 300 |
_a4 v. _btables _c23 cm. |
||
| 350 | _a£10/10/- | ||
| 500 | _aTranslation of Byloe i dumy. | ||
| 504 | _aBibliographical footnotes. | ||
| 600 | 1 | 0 |
_aHerzen, Aleksandr, _d1812-1870. _95112 |
| 650 | 0 |
_aRevolutionaries _zSoviet Union _xBiography. _95113 |
|
| 650 | 0 |
_aSocialists _zSoviet Union _xBiography. _95114 |
|
| 650 | 0 |
_aAuthors, Russian _xBiography. _95115 |
|
| 906 |
_a7 _bcbc _corignew _du _encip _f19 _gy-gencatlg |
||
| 942 |
_2lcc _cMONOGRAPH |
||
| 999 |
_c119070 _d119070 |
||